A toute vitesse /

שמור ב:
מידע ביבליוגרפי
מחברים אחרים: Morel, Gaël
פורמט: שקופית
שפה:צרפתית
יצא לאור: [Gran Bretagna] : Dangerous to know, c1998
תגים: הוספת תג
אין תגיות, היה/י הראשונ/ה לתייג את הרשומה!

MARC

LEADER 00000ngm a22000007i 4500
001 IT\ICCU\UBO\2950312
003 ItRI
005 20260124182902.0
008 070927s1998 xxk|||||||||||||||k|||||c
028 4 2 |a DTK020 
040 |b ita 
041 7 |a fre  |2 ISO-639-2 
130 0 |a A toute vitesse <film ; 1996>  |3 IT\ICCU\CAG\1104199 
245 0 0 |a A toute vitesse /  |c a film by Gael Morel. 
260 |a [Gran Bretagna] :  |b Dangerous to know,  |c c1998 
300 |a 1 videocassetta (VHS)(ca. 90 min) :  |b color, son 
500 |a Tit. del contenitore 
500 |a Film del 1996, prod. Francia 
500 |a Sottotitoli: inglese 
500 |a Vietato ai minori di 18 anni. 
700 1 |a Morel, Gaël  |0 IT\ICCU\UBOV\949329 
942 |2 ddc  |c VM  |n 0 
952 |0 0  |1 0  |4 0  |6 VO_495_000000000000000  |7 0  |9 27547  |a BO  |b BO  |d 2026-01-24  |i 7074  |l 0  |o VO 495  |p BO7074  |r 2026-01-24 18:29:02  |w 2026-01-24  |x [Sebina 6] [1 videocassetta]  |y VM  |z 1 videocassetta 
999 |c 23337  |d 23337